Movie By Plot Twist #2 - Statistics

General Stats
  • This quiz has been taken 136 times
  • The average score is 6 of 13
Answer Stats
Plot Twist Movie % Correct
The Wizard is an old man with no powers The Wizard of Oz
82%
The world we are living in is actually a computer program The Matrix
81%
This planet was earth all along Planet of the Apes
76%
He kills people as his mother Psycho
73%
What's in the box? Se7en
72%
Liam Neeson is actually Ra's al Ghul Batman Begins
56%
Nutritious food is made out of corpses Soylent Green
44%
The dead person in the bathroom is actually alive Saw
41%
Nicole Kidman is not being haunted, she is haunting others The Others
37%
He is rescued minutes after putting his family out of their misery The Mist
29%
She's my sister and my daughter Chinatown
21%
Jacob has been dead all along Jacob's Ladder
16%
Rex's girlfriend was buried underground The Vanishing
4%
No matching quizzes found
Score Distribution
Percent of People with Each Score
Percentile by Number Answered
Your Score History
You have not taken this quiz